| 000 | 00868cam a2200301 a 4500 | ||
|---|---|---|---|
| 001 | 1916250 | ||
| 003 | NUST | ||
| 005 | 20220305145715.0 | ||
| 008 | 850326s1985 nyu 000 1 eng | ||
| 010 | _a 85042579 | ||
| 020 |
_a0060154691 : _c$15.95 |
||
| 038 | _awaseem | ||
| 040 |
_aDLC _cDLC _dDLC |
||
| 050 | 0 | 0 |
_aPS3563.A7877 _bI5 1985 |
| 082 | 0 | 0 |
_a813.54 _bMAS |
| 100 | 1 |
_aMason, Bobbie Ann. _990263 |
|
| 245 | 1 | 0 |
_aIn country : _ba novel / _cby Bobbie Ann Mason. |
| 250 | _a1st ed. | ||
| 260 |
_aNew York : _bHarper & Row, _cc1985. |
||
| 300 |
_a247 p. ; _c21 cm. |
||
| 563 | _aPBK. | ||
| 650 | 0 |
_aVietnam War, 1961-1975 _vFiction. _990264 |
|
| 650 | 0 |
_aTeenage girls _vFiction. _990265 |
|
| 650 | 0 |
_aFathers _xDeath _vFiction. _990266 |
|
| 655 | 7 |
_aWar stories. _2gsafd _990267 |
|
| 906 |
_a7 _bcbc _corignew _d1 _eocip _f19 _gy-gencatlg |
||
| 942 |
_2ddc _cBK |
||
| 999 |
_c588587 _d588587 |
||